Largest Cities that Contain the Letter H - Statistics

General Stats
  • This quiz has been taken 341 times
    171 since last reset
  • The average score is 19 of 24
Answer Stats
Population City % Correct
33,400,000 Delhi
100%
16,200,000 Tehran
98%
14,800,000 Johannesburg
97%
21,300,000 Dhaka
96%
13,500,000 Ho Chi Minh City
96%
40,000,000 Shanghai
95%
9,150,000 Riyadh
94%
67,800,000 Guangzhou
93%
9,900,000 Chicago
92%
15,000,000 Kinshasa
91%
19,100,000 Karachi
89%
14,400,000 Lahore
88%
11,100,000 Hyderabad
80%
12,200,000 Chennai
78%
8,800,000 Washington D.C.
77%
9,300,000 Ahmedabad
73%
16,600,000 Chengdu
73%
11,800,000 Wuhan
70%
10,500,000 Chongqing
64%
13,400,000 Hangzhou
59%
9,450,000 Zhengzhou
51%
10,500,000 Changsha
47%
8,550,000 Shenyang
44%
8,000,000 Shantou
29%
No matching quizzes found
Score Distribution
Percent of People with Each Score
Percentile by Number Answered
Your Score History
You have not taken this quiz since the last reset